Váhostav sa chce pevnejšie usadiť na ruskom trhu

Váhostav, a.s. Žilina má záujem realizovať výstavbu na ruskom trhu v rámci dohody medzi Slovenským plynárenským priemyslom, š.p. Bratislava a ruským Gazpromom. Na základe tejto dohody by sa 40 perc. protidodávok z objemu plynu nad úroveň dlhodobých kontraktov realizovalo prostredníctvom tovaru a slu...

Ausführliche Beschreibung

Gespeichert in:
Bibliographische Detailangaben
Format: Buchkapitel
Sprache:Slowakisch
Schlagworte:
Tags: Tag hinzufügen
Keine Tags, Fügen Sie das erste Tag hinzu!

MARC

LEADER 00000naa a2200000 4500
001 r030456
005 20230921083452.7
041 0 |a slo 
044 |a SK 
245 1 0 |a Váhostav sa chce pevnejšie usadiť na ruskom trhu 
520 |a Váhostav, a.s. Žilina má záujem realizovať výstavbu na ruskom trhu v rámci dohody medzi Slovenským plynárenským priemyslom, š.p. Bratislava a ruským Gazpromom. Na základe tejto dohody by sa 40 perc. protidodávok z objemu plynu nad úroveň dlhodobých kontraktov realizovalo prostredníctvom tovaru a služieb. Investičné aktivity Váhostavu, a.s. Žilina a jeho pôsobenie na ruskom trhu. Úroveň tržieb a zisk v r. 1997. Najdôležitejšie stavby firmy. 
610 2 0 |a Váhostav, a.s. Žilina 
610 2 0 |a výstavba investičná 
610 2 0 |a Rusko 
610 2 0 |a Gazprom 
610 2 0 |a SPP, š.p. Bratislava 
610 2 0 |a kontrakty 
610 2 0 |a Slovensko